Language Quiz

Random Language or Letter Quiz

8-Letter Anagrams Quiz Stats

Quiz not verified by Sporcle

Also try: Word Wheels II
Challenge
Share
Tweet
Embed
Score 0/28 Timer 05:00
0 Plays Today
% Correct
nightcap
83%
wingspan
83%
dovetail
82.8%
conduits
82.1%
heptagon
82.1%
crumpets
80.2%
natremia
80.2%
spaniels
79.2%
drawback
79.2%
centroid
79.2%
integral
79.2%
woodland
79.2%
royalist
79.2%
restrict
79.2%
% Correct
tangible
78.3%
Germanic
77.4%
mangiest
77.4%
gradient
76.4%
ringtone
76.4%
stressed
76.4%
sunlight
76.4%
integers
76.4%
Croatian
76.4%
ingrowth
75.5%
genitals
75.5%
serrated
74.5%
ringlets
71.7%
drainage
70.8%

You're not logged in!

Compare scores with friends on all Sporcle quizzes.
Sign Up with Email
OR
Log In

You Might Also Like...

Show Comments

Extras

Curator's Pick May 1, 2016ReportNominate
Tags:Clickable Quiz, Letter Quiz, 8-letter, anagrams

Top Quizzes Today


Score Distribution

Your Account Isn't Verified!

In order to create a playlist on Sporcle, you need to verify the email address you used during registration. Go to your Sporcle Settings to finish the process.

Report this User

Report this user for behavior that violates our Community Guidelines.

Details: